Cambio de Dios

Con esta obra poética del autor costarricense Carlos Manuel Villalobos, ganó el premio internacional de poesía Vicente Rodríguez Nietzsche en Puerto Rico (2023).

Na minha lista:
Detalhes bibliográficos
Autor principal: Villalobos Villalobos, Carlos Manuel
Formato: Desconhecido
Idioma:Spanish
Publicado em: [San José, Costa Rica: Editorial Arboleda 2023
Edição:Primera edición
Assuntos:
Tags: Adicionar Tag
Sem tags, seja o primeiro a adicionar uma tag!

MARC

LEADER 00000 a2200000 4500
008 190614b ||||| |||| 00| 0 spa d
020 |a 978-9930-573-93-8 
040 |a cru BVZT 
090 |a 868 V-14cam 
100 |a Villalobos Villalobos, Carlos Manuel  |9 2010 
245 |a Cambio de Dios  |c / Carlos Manuel Villalobos Villalobos  
250 |a Primera edición 
260 |a [San José, Costa Rica:  |b Editorial Arboleda  |c 2023 
300 |a 56 páginas 
520 |a Con esta obra poética del autor costarricense Carlos Manuel Villalobos, ganó el premio internacional de poesía Vicente Rodríguez Nietzsche en Puerto Rico (2023).  
650 |a LITERATURA COSTARRICENSE  |9 17 
650 |a Poesía  |9 18 
942 |c 15 D  |h 868 V-14cam  |i 1824CO  |2 z  |6 868_V14CAM_1824CO 
999 |c 31107  |d 31107